[Event "Oberhausener SV 1 - SV Letmathe 1"]
[Site "NRW-Klasse, Gruppe 1 2014/201"]
[Date "2015.03.01"]
[Round "7"]
[White "Becker, Marcel"]
[Black "Adamski, Jan"]
[Result "1/2-1/2"]
[WhiteElo "2312"]
[BlackElo "2276"]
[PlyCount "72"]
[EventDate "2015.??.??"]
[WhiteTeam "Oberhausener SV 1"]
[BlackTeam "SV Letmathe 1"]

1. d4 Nf6 2. c4 e6 3. Nf3 Bb4+ 4. Bd2 Qe7 5. g3 Nc6 6. Nc3 d6 7. d5 exd5 8.
cxd5 Ne5 9. Nxe5 dxe5 10. Bg2 O-O 11. O-O a6 12. Qb3 Bd6 13. Bg5 Bf5 14. Ne4
Bxe4 15. Bxe4 Rfb8 16. Bg2 h6 17. Bd2 Nd7 {Remisangebot} 18. Rac1 Nc5 19. Qc4
a5 20. Qg4 Rf8 21. e4 Qd7 22. Qe2 Rfe8 23. Be3 b6 24. Rc4 Qe7 25. Rfc1 Na6 26.
Qg4 Kh8 27. a3 Nc5 28. Qd1 Rf8 29. Bf1 Rfb8 30. R1c3 Rb7 31. Qc2 Rba7 32. Be2
a4 33. Bd1 Nb3 34. Qd3 Nc5 35. Qe2 Nd7 36. Bc2 Bc5 1/2-1/2

[Event "Oberhausener SV 1 - SV Letmathe 1"]
[Site "NRW-Klasse, Gruppe 1 2014/201"]
[Date "2015.03.01"]
[Round "7"]
[White "Schleining, Zoya"]
[Black "Kaufeld, Jürgen"]
[Result "1/2-1/2"]
[WhiteElo "2356"]
[BlackElo "2227"]
[PlyCount "186"]
[EventDate "2015.??.??"]
[WhiteTeam "SV Letmathe 1"]
[BlackTeam "Oberhausener SV 1"]

1. Nf3 Nf6 2. c4 g6 3. Nc3 d5 4. cxd5 Nxd5 5. Qb3 Nb6 6. d4 Bg7 7. e4 Bg4 8.
Bb5+ c6 9. Ng5 O-O 10. Be2 Bxe2 11. Nxe2 N8d7 12. Qh3 h6 13. Nf3 h5 14. e5 Qc8
15. e6 Nf6 16. exf7+ Rxf7 17. Qxc8+ Nxc8 18. Ne5 Rf8 19. Nxg6 Rd8 20. O-O Rd7
21. Be3 Nd6 22. Ne5 Rdd8 23. Nf4 Nf5 24. Rad1 Nd5 25. Nxd5 Rxd5 26. Nf3 Rad8
27. Rde1 R8d7 28. Ne5 Bxe5 29. dxe5 Rxe5 30. Bxa7 Ra5 31. Bb8 Rxa2 32. Be5 Kf7
33. h3 Nd4 34. Re4 c5 35. Rb1 Rd5 36. Kh2 b5 37. Kg3 Nc6 38. Bf4 Nb4 39. Rbe1
Ra7 40. R1e2 Nc6 41. Be3 Ra2 42. Kh4 e6 43. f3 Ne5 44. Bg5 Ra4 45. Rxa4 bxa4
46. Kxh5 Nd3 47. Kh6 Rd4 48. Bd2 Rc4 49. Ba5 Nc1 50. Re4 Rc2 51. Rxa4 Rxg2 52.
Bc3 Rg3 53. Rf4+ Ke7 54. Bf6+ Kd6 55. h4 Nd3 56. Bg5 Kd5 57. Rf8 Nxb2 58. h5 c4
59. Rd8+ Ke5 60. Rf8 Nd3 61. Bf6+ Kd6 62. Bc3 e5 63. Kh7 Nf4 64. Rd8+ Ke6 65.
Re8+ Kf7 66. Rxe5 Rxf3 67. Rf5+ Ke6 68. Rf6+ Ke7 69. Be5 Rh3 70. h6 Ne6 71. Rf2
Nf8+ 72. Kg8 Rxh6 73. Bg7 Rg6 74. Rxf8 Ke6 75. Rc8 Kd5 76. Kf7 Rc6 77. Rd8+ Ke4
78. Rd4+ Ke3 79. Rd1 c3 80. Be5 c2 81. Rc1 Kd3 82. Bf4 Rb6 83. Re1 Kc3 84. Re7
Kb2 85. Rc7 Rb3 86. Ke6 Rc3 87. Rb7+ Rb3 88. Be5+ Ka2 89. Ra7+ Ra3 90. Rc7 Kb3
91. Rc3+ Kb2 92. Rc5+ Kb3 93. Kd5 Ra5 1/2-1/2

[Event "Oberhausener SV 1 - SV Letmathe 1"]
[Site "NRW-Klasse, Gruppe 1 2014/201"]
[Date "2015.03.01"]
[Round "7"]
[White "Litwak, Aleksej"]
[Black "Soukup, Jiri"]
[Result "1-0"]
[WhiteElo "2243"]
[BlackElo "2315"]
[PlyCount "107"]
[EventDate "2015.??.??"]
[WhiteTeam "Oberhausener SV 1"]
[BlackTeam "SV Letmathe 1"]

1. e4 c5 2. Nf3 e6 3. d4 cxd4 4. Nxd4 a6 5. c4 b6 6. Nc3 Bb7 7. Bd3 Nc6 8. Nxc6
Bxc6 9. O-O Bc5 10. Qe2 Ne7 11. Kh1 O-O 12. Bg5 f6 13. Bh4 Qe8 14. f4 Qg6 15.
Bf2 Qh6 16. Bxc5 bxc5 17. f5 Rfe8 18. Qf2 Rac8 19. Rad1 g6 20. fxe6 f5 21. exf5
gxf5 22. exd7 Bxd7 23. Nd5 Nxd5 24. cxd5 Rf8 25. d6 c4 26. Be2 Rf6 27. Qd4 Rc6
28. Bxc4+ Kf8 29. b3 Qg6 30. Qa7 Rcxd6 31. Rxd6 Rxd6 32. Qb8+ Kg7 33. Qg8+ Kh6
34. Qf8+ Kg5 35. Qe7+ Qf6 36. Qxh7 Bc6 37. Be2 Qg6 38. h4+ Kf6 39. Qxg6+ Kxg6
40. Rd1 Re6 41. Bc4 Rf6 42. Bxa6 Kh5 43. Rd4 Re6 44. Bd3 Re5 45. Kh2 Be4 46.
Bxe4 fxe4 47. Kh3 Kg6 48. Kg4 e3 49. Rd6+ Kf7 50. Rd1 Rc5 51. Kf3 Rc2 52. Kxe3
Rxa2 53. Rd2 Ra1 54. Rb2 1-0

[Event "Oberhausener SV 1 - SV Letmathe 1"]
[Site "NRW-Klasse, Gruppe 1 2014/201"]
[Date "2015.03.01"]
[Round "7"]
[White "Grürmann, Martin"]
[Black "Nissen, Claus"]
[Result "1/2-1/2"]
[WhiteElo "2090"]
[BlackElo "2116"]
[PlyCount "124"]
[EventDate "2015.??.??"]
[WhiteTeam "SV Letmathe 1"]
[BlackTeam "Oberhausener SV 1"]

1. Nf3 Nf6 2. c4 e6 3. g3 d5 4. Bg2 c6 5. b3 Bd6 6. Bb2 Nbd7 7. O-O O-O 8. d4
Re8 9. Nc3 dxc4 10. bxc4 e5 11. e3 Qa5 12. Nd2 Bf8 13. d5 cxd5 14. cxd5 Nc5 15.
Nb3 Qb4 16. Qc2 Bd7 17. Nxc5 Qxc5 18. Qb3 b5 19. Rac1 Qb6 20. Rfd1 Rab8 21. h3
Bd6 22. Ne2 a5 23. g4 h6 24. Ng3 g6 25. Qd3 b4 26. Ne4 Nxe4 27. Bxe4 Kh7 28.
Kh1 Qd8 29. Bg2 Bb5 30. Qc2 Qh4 31. e4 Bd7 32. Qe2 Bb5 33. Qf3 Re7 34. Qg3 Qf6
35. Bf1 Ba4 36. Re1 b3 37. a3 Bc7 38. Re3 Bb6 39. Rf3 Qd6 40. Bc4 Bc5 41. Bxb3
Bxa3 42. Bxa4 Bxb2 43. Rc4 Kg7 44. Rb3 Reb7 45. Rxb7 Rxb7 46. Kg2 Rb4 47. Qd3
Qa6 48. Bb3 Qb5 49. Ba2 Bd4 50. d6 Rxc4 51. Qxc4 Qxc4 52. Bxc4 a4 53. f3 {
Remisangebot} f6 54. Kf1 Kf8 55. Ke2 a3 56. Kd1 Bc5 57. d7 Ke7 58. Kc2 Kxd7 59.
Bf7 g5 60. Ba2 Kc6 61. Kd3 Kb5 62. Bc4+ Kb4 1/2-1/2

[Event "Oberhausener SV 1 - SV Letmathe 1"]
[Site "NRW-Klasse, Gruppe 1 2014/201"]
[Date "2015.03.01"]
[Round "7"]
[White "Ciornei, Dragos"]
[Black "Pfleger, Sascha"]
[Result "1-0"]
[WhiteElo "2077"]
[BlackElo "1937"]
[PlyCount "77"]
[EventDate "2015.??.??"]
[WhiteTeam "Oberhausener SV 1"]
[BlackTeam "SV Letmathe 1"]

1. e4 c5 2. Nf3 b6 3. d4 cxd4 4. Nxd4 Bb7 5. Nc3 Nf6 6. Bd3 Nc6 7. Nxc6 Bxc6 8.
e5 Nd5 9. Nxd5 Bxd5 10. O-O Qc7 11. f4 e6 12. Qe2 g6 13. c4 Bc6 14. Bd2 Bc5+
15. Be3 Bxe3+ 16. Qxe3 Rd8 17. Rad1 O-O 18. Be2 f6 19. exf6 Rxf6 20. Qe5 Qxe5
21. fxe5 Rxf1+ 22. Rxf1 Rc8 23. b3 b5 24. cxb5 Bd5 25. Bf3 Rc5 26. Bxd5 Rxd5
27. a4 Rxe5 28. Rc1 Re3 29. Rc7 d5 30. Rxa7 Rxb3 31. Rb7 Ra3 32. b6 e5 33. Ra7
Ra1+ 34. Kf2 Ra2+ 35. Kg3 Ra3+ 36. Kg4 Rb3 37. b7 Rb4+ 38. Kg5 d4 39. Kf6 1-0

[Event "Oberhausener SV 1 - SV Letmathe 1"]
[Site "NRW-Klasse, Gruppe 1 2014/201"]
[Date "2015.03.01"]
[Round "7"]
[White "Oswald, Hans-Joachim"]
[Black "Voge, Andreas"]
[Result "1-0"]
[WhiteElo "2170"]
[BlackElo "2076"]
[PlyCount "67"]
[EventDate "2015.??.??"]
[WhiteTeam "SV Letmathe 1"]
[BlackTeam "Oberhausener SV 1"]

1. Nf3 c5 2. c4 Nc6 3. g3 Nf6 4. Bg2 e6 5. O-O Be7 6. Nc3 O-O 7. d4 cxd4 8.
Nxd4 a6 9. h3 Qc7 10. b3 d5 11. cxd5 Nxd4 12. Qxd4 exd5 13. Bf4 Qa5 14. Nxd5
Nxd5 15. Qxd5 Qxd5 16. Bxd5 Bxh3 17. Rfd1 Rac8 18. Bxb7 Rc2 19. Bxa6 Ra8 20.
Bc4 Rcxa2 21. Rxa2 Rxa2 22. Be5 Bf6 23. Bxf6 gxf6 24. Rd6 Kg7 25. f3 Rb2 26.
Kf2 Be6 27. Ke3 Kg6 28. g4 Kg5 29. Rd8 f5 30. Rg8+ Kf6 31. g5+ Ke5 32. f4+ Kd6
33. Rg7 Kc5 34. Rxh7 1-0

[Event "Oberhausener SV 1 - SV Letmathe 1"]
[Site "NRW-Klasse, Gruppe 1 2014/201"]
[Date "2015.03.01"]
[Round "7"]
[White "Jörgens, Markus"]
[Black "Hunold, Rolf"]
[Result "1/2-1/2"]
[WhiteElo "2069"]
[BlackElo "1954"]
[PlyCount "107"]
[EventDate "2015.??.??"]
[WhiteTeam "Oberhausener SV 1"]
[BlackTeam "SV Letmathe 1"]

1. d4 Nf6 2. c4 e6 3. g3 d5 4. Nf3 Bb4+ 5. Bd2 Qe7 6. Bg2 O-O 7. O-O Bxd2 8.
Qxd2 Nbd7 9. Na3 c6 10. Rac1 Ne4 11. Qe3 f5 12. Ne1 Ndf6 13. f3 Nd6 14. Nd3 Re8
15. Rc2 Nf7 16. cxd5 exd5 17. Qxe7 Rxe7 18. b4 a6 19. Nb1 Bd7 20. Nc5 Nd6 21.
Re1 Rae8 22. Nc3 Bc8 23. Kf2 g5 24. Nd3 Nc4 25. Nd1 Kg7 26. e3 Be6 27. N1b2 Nd7
28. Nxc4 dxc4 29. Nc5 b5 30. Nxa6 Ra8 31. Nc7 Ra4 32. e4 fxe4 33. fxe4 Nf6 34.
Nxe6+ Rxe6 35. Rb2 Ra3 36. Rbe2 Rd3 37. d5 cxd5 38. exd5 Rxe2+ 39. Rxe2 Nxd5
40. Re5 Rd2+ 41. Ke1 Rxg2 42. Rxg5+ Kf6 43. Rxd5 Rxa2 44. Rh5 Kg6 45. g4 c3 46.
Kd1 Rb2 47. Rxb5 Rxh2 48. Rc5 Rg2 49. Rc4 Kf6 50. b5 Rb2 51. Rc5 Kg6 52. Kc1 h6
53. Kd1 Kf6 54. Kc1 1/2-1/2

[Event "Elberfelder SG 1 - Oberhausener SV 1"]
[Site "NRW-Klasse, Gruppe 1 2014/201"]
[Date "2015.03.22"]
[Round "8.1"]
[White "Hort, Vlastimil"]
[Black "Odendahl, Reiner"]
[Result "1/2-1/2"]
[WhiteElo "2391"]
[BlackElo "2265"]
[PlyCount "50"]
[EventDate "2015.??.??"]
[WhiteTeam "Oberhausener SV 1"]
[BlackTeam "Elberfelder SG 1"]

1. c4 c5 2. Nf3 g6 3. e3 Bg7 4. d4 Nf6 5. Nc3 O-O 6. b3 cxd4 7. Nxd4 Nc6 8. Bb2
Nxd4 9. exd4 d5 10. Be2 dxc4 11. bxc4 b6 12. O-O Bb7 13. Re1 Qd7 14. Qb3 e6 15.
Red1 Rfd8 16. a4 Rab8 17. Bc1 Ne4 18. Nxe4 Bxe4 19. Be3 Qb7 20. f3 Bc6 21. a5
Rd7 22. axb6 axb6 23. Rab1 Qa8 24. Ra1 Qb7 25. Rab1 Qa8 1/2-1/2

[Event "Elberfelder SG 1 - Oberhausener SV 1"]
[Site "NRW-Klasse, Gruppe 1 2014/201"]
[Date "2015.03.22"]
[Round "8.2"]
[White "Hintze, Helge"]
[Black "Becker, Marcel"]
[Result "1-0"]
[WhiteElo "2231"]
[BlackElo "2314"]
[PlyCount "83"]
[EventDate "2015.??.??"]
[WhiteTeam "Elberfelder SG 1"]
[BlackTeam "Oberhausener SV 1"]

1. c4 c6 2. d4 d5 3. cxd5 cxd5 4. Nc3 Nf6 5. Bf4 Nc6 6. e3 e6 7. Bd3 Be7 8. h3
O-O 9. Nf3 Bd7 10. O-O Qb6 11. Qe2 Rfc8 12. Rac1 Be8 13. a3 Qd8 14. Ne5 a6 15.
Rc2 Nxe5 16. Bxe5 Bc6 17. Bxf6 Bxf6 18. Rfc1 Be7 19. Qd2 Bd6 20. Na2 Ba4 21.
Rc3 Rxc3 22. Rxc3 Rc8 23. Bc2 Bd7 24. Nb4 Bxb4 25. axb4 Rxc3 26. Qxc3 Bb5 27.
e4 dxe4 28. Bxe4 b6 29. Bf3 g6 30. g3 Qd6 31. h4 h5 32. Kg2 Kf8 33. Qc8+ Ke7
34. Qb7+ Kf6 35. d5 Qxb4 36. dxe6 fxe6 37. Qh7 Qf8 38. Qc7 Qc5 39. Qf4+ Qf5 40.
Qb8 Qb1 41. Qf8+ Ke5 42. Qf4# 1-0

[Event "Elberfelder SG 1 - Oberhausener SV 1"]
[Site "NRW-Klasse, Gruppe 1 2014/201"]
[Date "2015.03.22"]
[Round "8.3"]
[White "Kaufeld, Juergen"]
[Black "Kurr, Gerd"]
[Result "1-0"]
[WhiteElo "2243"]
[BlackElo "2190"]
[PlyCount "63"]
[EventDate "2015.??.??"]
[WhiteTeam "Oberhausener SV 1"]
[BlackTeam "Elberfelder SG 1"]

1. e4 c6 2. d4 d5 3. e5 Bf5 4. h4 h6 5. g4 Bd7 6. Nc3 e6 7. Be3 Ne7 8. h5 c5 9.
dxc5 Nec6 10. Nf3 Qa5 11. a3 Bxc5 12. b4 Nxb4 13. axb4 Qxb4 14. Qd2 Bxe3 15.
Qxe3 Nc6 16. Rb1 Qa5 17. Qd2 O-O 18. Rxb7 Rfd8 19. Bd3 d4 20. Ne4 Qa1+ 21. Qd1
Qa5+ 22. Kf1 Nxe5 23. g5 Bc6 24. Rb1 Nxd3 25. cxd3 Bxe4 26. dxe4 hxg5 27. h6
gxh6 28. Rxh6 g4 29. Nh2 Kg7 30. Nxg4 Rh8 31. Qxd4+ e5 32. Qd6 1-0

[Event "Elberfelder SG 1 - Oberhausener SV 1"]
[Site "NRW-Klasse, Gruppe 1 2014/201"]
[Date "2015.03.22"]
[Round "8.4"]
[White "Noetzel, Frank"]
[Black "Litwak, Aleksej"]
[Result "1-0"]
[WhiteElo "2166"]
[BlackElo "2243"]
[PlyCount "81"]
[EventDate "2015.??.??"]
[WhiteTeam "Elberfelder SG 1"]
[BlackTeam "Oberhausener SV 1"]

1. e4 c5 2. Nf3 d6 3. Bc4 Nf6 4. d3 Nc6 5. c3 e6 6. Qe2 Be7 7. Bb3 O-O 8. O-O
b5 9. d4 cxd4 10. cxd4 Qb6 11. e5 Nd5 12. Qe4 Na5 13. Bc2 f5 14. exf6 Nxf6 15.
Qh4 Qc7 16. Bd3 e5 17. Nc3 Bb7 18. Ng5 h6 19. Ne6 Qd7 20. Nxf8 Rxf8 21. Bxb5
Qe6 22. dxe5 Ne4 23. Qh5 Nxc3 24. exd6 Bg5 25. Bxg5 Qd5 26. Qg4 h5 27. Qh3 Nxb5
28. Be7 Rf4 29. f3 Nxd6 30. Bxd6 Qxd6 31. Qxh5 Nc6 32. Rae1 Rf8 33. Re8 Qd4+
34. Kh1 Rxe8 35. Qxe8+ Kh7 36. Qh5+ Kg8 37. Re1 Ne7 38. Qe8+ Kh7 39. Qxe7 Qxb2
40. Qh4+ Kg6 41. Qg4+ 1-0

[Event "Elberfelder SG 1 - Oberhausener SV 1"]
[Site "NRW-Klasse, Gruppe 1 2014/201"]
[Date "2015.03.22"]
[Round "8.5"]
[White "Nissen, Claus"]
[Black "Kesseler, Heiko"]
[Result "1/2-1/2"]
[WhiteElo "2116"]
[BlackElo "2004"]
[PlyCount "136"]
[EventDate "2015.??.??"]
[WhiteTeam "Oberhausener SV 1"]
[BlackTeam "Elberfelder SG 1"]

1. e4 c5 2. Nf3 Nc6 3. g3 g6 4. Bg2 Bg7 5. O-O d6 6. d3 Nf6 7. Re1 O-O 8. c3
Bg4 9. h3 Bxf3 10. Bxf3 Nd7 11. d4 cxd4 12. Bg2 Rc8 13. cxd4 Nxd4 14. Nc3 Nb6
15. Be3 e5 16. Bxd4 exd4 17. Nb5 Nc4 18. Rb1 Qb6 19. a4 a6 20. b3 Nb2 21. Rxb2
axb5 22. Rb1 Rc3 23. Bf1 b4 24. Qd2 Rfc8 25. Bd3 Qc5 26. Kg2 h5 27. Bc4 Bf6 28.
Rbd1 Qe5 29. h4 Rc5 30. Qe2 Qe7 31. Rd3 Qd7 32. Rf3 Kg7 33. Rd1 R5xc4 34. bxc4
Qxa4 35. Rxf6 Kxf6 36. Rxd4 Qc6 37. Qd2 Kg7 38. Qf4 Rxc4 39. Rxd6 Qxe4+ 40.
Qxe4 Rxe4 41. Rb6 Re7 42. Kf3 b3 43. Kf4 Re2 44. Kf3 Re7 45. Kf4 Kf8 46. f3 Rc7
47. Rxb3 Ke7 48. Rb6 Kd7 49. g4 Rc4+ 50. Kg5 Rc5+ 51. Kf4 Kc8 52. Kg3 Rc6 53.
Rb5 hxg4 54. fxg4 Rc3+ 55. Kf4 Rc4+ 56. Kg3 Rc3+ 57. Kf4 Kc7 58. h5 Kc6 59. Rb1
gxh5 60. gxh5 Rh3 61. Kg5 b5 62. Rf1 Rg3+ 63. Kf6 Rh3 64. Kg5 b4 65. Rxf7 b3
66. Rf1 b2 67. Rb1 Rb3 68. h6 Rg3+ 1/2-1/2

[Event "Elberfelder SG 1 - Oberhausener SV 1"]
[Site "NRW-Klasse, Gruppe 1 2014/201"]
[Date "2015.03.22"]
[Round "8.6"]
[White "Kuehne, Marco"]
[Black "Ciornei, Dragos"]
[Result "1/2-1/2"]
[WhiteElo "2005"]
[BlackElo "2072"]
[PlyCount "66"]
[EventDate "2015.??.??"]
[WhiteTeam "Elberfelder SG 1"]
[BlackTeam "Oberhausener SV 1"]

1. d4 Nf6 2. Nf3 g6 3. c4 Bg7 4. Nc3 O-O 5. g3 d6 6. Bg2 Nbd7 7. O-O e5 8. dxe5
dxe5 9. Ng5 h6 10. Nge4 Nxe4 11. Nxe4 f5 12. Nc3 e4 13. Qc2 c6 14. b3 Ne5 15.
Bb2 Be6 16. Rad1 Qc7 17. Bh3 Bf7 18. Rd2 Rad8 19. Rfd1 Rfe8 20. Rxd8 Rxd8 21.
Rxd8+ Qxd8 22. Qd1 Qxd1+ 23. Nxd1 h5 24. Kf1 Nd7 25. Bxg7 Kxg7 26. Nc3 Nc5 27.
Bg2 Kf6 28. Ke1 Ke5 29. Kd2 g5 30. Bf1 f4 31. Nd1 a5 32. e3 Be6 33. Nb2 Bg4
1/2-1/2

[Event "Elberfelder SG 1 - Oberhausener SV 1"]
[Site "NRW-Klasse, Gruppe 1 2014/201"]
[Date "2015.03.22"]
[Round "8.7"]
[White "Voge, Andreas"]
[Black "Fuchs, Thomas"]
[Result "1/2-1/2"]
[WhiteElo "2076"]
[BlackElo "1958"]
[Annotator "Hausrath,Daniel"]
[PlyCount "94"]
[EventDate "2015.??.??"]
[WhiteTeam "Oberhausener SV 1"]
[BlackTeam "Elberfelder SG 1"]

1. e4 c5 2. Nf3 g6 3. d4 cxd4 4. Nxd4 Bg7 5. c4 Nc6 6. Be3 Nf6 7. Nc3 Ng4 8.
Qxg4 Nxd4 9. Qd1 Ne6 10. Qd2 d6 11. Be2 O-O 12. O-O a5 13. Rfd1 b6 14. Rab1 Bd7
15. Nd5 Nc5 16. f3 Bc6 17. b3 e6 18. Nxb6 Qxb6 19. Qxd6 Nxe4 20. Bxb6 Nxd6 21.
Rxd6 Rfc8 22. Rbd1 a4 23. b4 Bf8 24. b5 Bxd6 25. Rxd6 Rab8 26. c5 Bd5 27. a3
Kf8 28. Rd7 Ke8 29. Rc7 Rxc7 30. Bxc7 Ra8 31. c6 Ke7 32. Bb6 Kd6 33. c7 Kd7 34.
Kf2 Kc8 35. Ke3 Kb7 36. Bd4 Kxc7 37. Be5+ Kd7 38. b6 Kc6 39. Bc7 e5 40. Kd3 Kb7
41. Kc3 Re8 42. Kb4 Bc6 43. Kc5 e4 44. f4 e3 45. g3 Re6 46. Kd4 Bg2 47. Kd3 Re7
{Rest nicht nachvollziehbar!} 1/2-1/2

[Event "Elberfelder SG 1 - Oberhausener SV 1"]
[Site "NRW-Klasse, Gruppe 1 2014/201"]
[Date "2015.03.22"]
[Round "8.8"]
[White "Pfeiffer, Stefan"]
[Black "Limberg, Matthias"]
[Result "1/2-1/2"]
[WhiteElo "2047"]
[BlackElo "2022"]
[PlyCount "81"]
[EventDate "2015.??.??"]
[WhiteTeam "Elberfelder SG 1"]
[BlackTeam "Oberhausener SV 1"]

1. Nf3 d5 2. c4 c6 3. e3 Nf6 4. Qc2 g6 5. d4 Bg7 6. Bd3 O-O 7. O-O a6 8. Nbd2
b5 9. b3 Bb7 10. Bb2 Nbd7 11. Rfc1 Rc8 12. Qb1 Qa5 13. a3 Qb6 14. a4 Ra8 15. a5
Qd8 16. cxb5 cxb5 17. Ba3 Re8 18. Bb4 e5 19. dxe5 Ng4 20. Bc3 Ndxe5 21. Be2 b4
22. Bd4 Nc6 23. Bxg7 Kxg7 24. Qb2+ Qf6 25. Qxf6+ Nxf6 26. Kf1 Rad8 27. Nd4 Nxd4
28. exd4 Rc8 29. Nf3 Ne4 30. Bd3 Nc3 31. Re1 Ne4 32. Rac1 Red8 33. Ke2 f6 34.
Nd2 Nc3+ 35. Kf1 Kf7 36. h4 Re8 37. Rxe8 Rxe8 38. Nb1 Nxb1 39. Bxb1 Rc8 40.
Rxc8 Bxc8 41. Ke2 1/2-1/2

[Event "SV Letmathe 1 - SV Kamen 1"]
[Site "NRW-Klasse, Gruppe 1 2014/201"]
[Date "2015.03.22"]
[Round "8.1"]
[White "Weidemann, Christian"]
[Black "Podzielny, Karl-Heinz"]
[Result "1-0"]
[WhiteElo "2224"]
[BlackElo "2423"]
[PlyCount "43"]
[EventDate "2015.??.??"]
[WhiteTeam "SV Kamen 1"]
[BlackTeam "SV Letmathe 1"]

1. e4 c5 2. Nf3 e6 3. d4 cxd4 4. c3 d3 5. Bxd3 Nc6 6. O-O d6 7. Nbd2 Nf6 8. Nc4
Be7 9. e5 dxe5 10. Ncxe5 Nxe5 11. Nxe5 O-O 12. Bg5 Qc7 13. Re1 Rd8 14. Qe2 b6
15. Bc4 Bb7 16. Rad1 Nd5 17. Nxf7 Bxg5 18. Nxg5 Nf4 19. Qxe6+ Nxe6 20. Bxe6+
Kf8 21. Nxh7+ Ke8 22. Bd5+ 1-0

[Event "SV Letmathe 1 - SV Kamen 1"]
[Site "NRW-Klasse, Gruppe 1 2014/201"]
[Date "2015.03.22"]
[Round "8.2"]
[White "Kolosowski, Mateusz"]
[Black "Kilian, Ralf"]
[Result "1-0"]
[WhiteElo "2443"]
[BlackElo "2133"]
[PlyCount "73"]
[EventDate "2015.??.??"]
[WhiteTeam "SV Letmathe 1"]
[BlackTeam "SV Kamen 1"]

1. d4 e6 2. c4 d5 3. Nf3 Nf6 4. g3 c5 5. cxd5 exd5 6. Bg2 Nc6 7. O-O Be7 8. Nc3
O-O 9. Bg5 Be6 10. dxc5 Bxc5 11. Bxf6 Qxf6 12. Nxd5 Qxb2 13. Nc7 Rad8 14. Qc1
Qxc1 15. Raxc1 b6 16. Nxe6 fxe6 17. e3 h6 18. Rc4 Rd6 19. Rfc1 Rfd8 20. Bh3 Kf7
21. Rf4+ Ke7 22. Re4 g5 23. Bg4 Kf6 24. Kg2 Ne7 25. h4 gxh4 26. Nxh4 Rg8 27.
Nf3 Nf5 28. Rh1 Rh8 29. Rf4 Kg7 30. Bxf5 exf5 31. Nh4 Rd2 32. Nxf5+ Kg6 33. a4
h5 34. g4 Rh7 35. Ng3 Bxe3 36. gxh5+ Kg5 37. Rf3 1-0

[Event "SV Letmathe 1 - SV Kamen 1"]
[Site "NRW-Klasse, Gruppe 1 2014/201"]
[Date "2015.03.22"]
[Round "8.3"]
[White "Kleinegger, Frank"]
[Black "Adamski, Jan"]
[Result "1/2-1/2"]
[WhiteElo "2142"]
[BlackElo "2276"]
[PlyCount "46"]
[EventDate "2015.??.??"]
[WhiteTeam "SV Kamen 1"]
[BlackTeam "SV Letmathe 1"]

1. Nf3 c5 2. c4 Nf6 3. Nc3 e6 4. e3 b6 5. d4 cxd4 6. exd4 Bb7 7. a3 d5 8. Bg5
Be7 9. cxd5 Nxd5 10. Bb5+ Bc6 11. Qa4 Qd7 12. Nxd5 Qxd5 13. Bxc6+ Qxc6 14.
Qxc6+ Nxc6 15. Bxe7 Nxe7 16. Rc1 Nd5 17. Ke2 f6 18. g3 Kd7 19. Kd3 Rhc8 20.
Rhe1 h5 21. h4 Rxc1 22. Rxc1 Rc8 23. Re1 a6 1/2-1/2

[Event "SV Letmathe 1 - SV Kamen 1"]
[Site "NRW-Klasse, Gruppe 1 2014/201"]
[Date "2015.03.22"]
[Round "8.4"]
[White "Schleining, Zoya"]
[Black "Himmel, Hansjoerg"]
[Result "1-0"]
[WhiteElo "2356"]
[BlackElo "2136"]
[PlyCount "83"]
[EventDate "2015.??.??"]
[WhiteTeam "SV Letmathe 1"]
[BlackTeam "SV Kamen 1"]

1. d4 Nf6 2. c4 e6 3. Nf3 c5 4. d5 b5 5. Bf4 exd5 6. cxd5 d6 7. e4 a6 8. Nbd2
Nbd7 9. a4 bxa4 10. Qxa4 Be7 11. Bd3 O-O 12. O-O Nb6 13. Qc2 Re8 14. Nb3 Bf8
15. Nfd2 Ng4 16. Na5 Ne5 17. Bxe5 dxe5 18. Nc6 Qc7 19. Nb3 Nd7 20. Ra2 Qd6 21.
Rfa1 Nb8 22. Nxb8 Rxb8 23. Bxa6 Rb4 24. Bxc8 Rxc8 25. Na5 Qg6 26. Nc4 Qh5 27.
Ra4 g6 28. b3 Rcb8 29. Rxb4 cxb4 30. Qb2 Re8 31. Qc2 Bc5 32. h3 Qh4 33. Ra2 Qf6
34. Na5 Bd4 35. Nc6 Qf4 36. Nxb4 Rb8 37. Nc6 Rb5 38. b4 Qf6 39. Qd3 Rb7 40. b5
Bc5 41. Rc2 Bb6 42. Qa3 1-0

[Event "SV Letmathe 1 - SV Kamen 1"]
[Site "NRW-Klasse, Gruppe 1 2014/201"]
[Date "2015.03.22"]
[Round "8.5"]
[White "Georg, Heinz"]
[Black "Gruermann, Martin"]
[Result "1/2-1/2"]
[WhiteElo "2167"]
[BlackElo "2090"]
[Annotator "Hausrath,Daniel"]
[PlyCount "94"]
[EventDate "2015.??.??"]
[WhiteTeam "SV Kamen 1"]
[BlackTeam "SV Letmathe 1"]

1. e4 c5 2. Nf3 Nf6 3. e5 Nd5 4. Nc3 Nxc3 5. dxc3 Nc6 6. Bc4 e6 7. O-O h6 8.
Qe2 Qc7 9. Bf4 b6 10. Rfd1 Bb7 11. Rd2 Be7 12. Rad1 O-O-O 13. Bg3 g5 14. h3 h5
15. Ba6 Nb8 16. Bxb7+ Qxb7 17. b4 g4 18. hxg4 hxg4 19. Nh2 cxb4 20. cxb4 Bxb4
21. Qc4+ Bc5 22. Nxg4 Rh5 23. Nf6 Rh6 24. Ne4 Qc6 25. Kf1 Be7 26. Qxc6+ Nxc6
27. Ke2 Rh5 28. f4 Na5 29. Rd4 Nb7 30. Bf2 Kc7 31. Kf3 d5 32. exd6+ Nxd6 33.
Nxd6 Rxd6 34. a4 $11 Rxd4 35. Bxd4 Rd5 36. Rd3 Kc6 37. Rc3+ Bc5 38. Be3 b5 39.
axb5+ Kxb5 40. Rb3+ Kc6 41. Rb8 Bxe3 42. Kxe3 f5 43. c4 Rd6 44. Rb5 Rd1 45. Ra5
Kb6 46. Rb5+ Kc6 47. Ra5 Kb6 1/2-1/2

[Event "SV Letmathe 1 - SV Kamen 1"]
[Site "NRW-Klasse, Gruppe 1 2014/201"]
[Date "2015.03.22"]
[Round "8.6"]
[White "Haude, Ruediger"]
[Black "Huckebrink, Chris"]
[Result "1/2-1/2"]
[WhiteElo "2010"]
[BlackElo "2057"]
[PlyCount "84"]
[EventDate "2015.??.??"]
[WhiteTeam "SV Letmathe 1"]
[BlackTeam "SV Kamen 1"]

1. d4 e6 2. Nf3 Nf6 3. g3 b6 4. Bg2 Bb7 5. O-O c5 6. Nc3 a6 7. Re1 cxd4 8. Nxd4
Bxg2 9. Kxg2 Bb4 10. Bd2 Nc6 11. Nf3 d5 12. a3 Bd6 13. e4 dxe4 14. Nxe4 Nxe4
15. Rxe4 O-O 16. Bc3 Be7 17. Qe2 Bf6 18. Rd1 Qe7 19. Rc4 Bxc3 20. Rxc3 Rfc8 21.
Qe4 Na5 22. Rcd3 Ra7 23. b4 Nc4 24. Qd4 f6 25. Nd2 Ne5 26. Rc3 Rxc3 27. Qxc3
Qc7 28. Nb1 Qxc3 29. Nxc3 Rc7 30. Na4 Nc4 31. Rd3 Kf7 32. Rc3 b5 33. Nb2 e5 34.
Nxc4 bxc4 35. f4 Ke6 36. Kf3 Kd5 37. Re3 Re7 38. fxe5 fxe5 39. c3 e4+ 40. Ke2
Ke5 41. Ke1 Rd7 42. a4 Rd3 1/2-1/2

[Event "SV Letmathe 1 - SV Kamen 1"]
[Site "NRW-Klasse, Gruppe 1 2014/201"]
[Date "2015.03.22"]
[Round "8.7"]
[White "Seepe, Udo"]
[Black "Pfleger, Sascha"]
[Result "1/2-1/2"]
[WhiteElo "2053"]
[BlackElo "1937"]
[Annotator "Hausrath,Daniel"]
[PlyCount "63"]
[EventDate "2015.??.??"]
[WhiteTeam "SV Kamen 1"]
[BlackTeam "SV Letmathe 1"]

1. d4 Nf6 2. Nf3 c5 3. c4 cxd4 4. Nxd4 b6 5. Nc3 Bb7 6. Bg5 a6 7. Rc1 d6 8. f3
Nbd7 9. e4 e6 10. Be2 Be7 11. O-O O-O 12. Qd2 Rc8 13. Rfd1 Ne5 14. b3 Ng6 15.
Be3 Qc7 16. Qe1 Rfe8 17. Qf2 Nd7 18. g3 Qb8 19. Bf1 Nge5 20. Qe2 Nf6 21. Bg2
Ned7 22. g4 Bf8 23. Kh1 $11 d5 24. g5 Nh5 25. cxd5 exd5 26. Nf5 Nf4 27. Qd2
Nxg2 28. Qxg2 Ba3 29. Rc2 Qc7 30. Rdd2 Qxc3 31. Rxc3 Rxc3 32. Rc2 1/2-1/2

[Event "SV Letmathe 1 - SV Kamen 1"]
[Site "NRW-Klasse, Gruppe 1 2014/201"]
[Date "2015.03.22"]
[Round "8.8"]
[White "Hunold, Rolf"]
[Black "Neumann, Carsten"]
[Result "1-0"]
[WhiteElo "1954"]
[BlackElo "2010"]
[PlyCount "107"]
[EventDate "2015.??.??"]
[WhiteTeam "SV Letmathe 1"]
[BlackTeam "SV Kamen 1"]

1. e4 d6 2. d4 g6 3. Nc3 Bg7 4. Be3 a6 5. a4 b6 6. Qd2 Bb7 7. f3 e5 8. d5 Nf6
9. h4 h5 10. Nh3 Nbd7 11. Bg5 Qc8 12. Be2 Nf8 13. Be3 Qd7 14. Bc4 N6h7 15. Ng5
Bc8 16. Qe2 Qe7 17. O-O-O Bf6 18. Qd2 Bd7 19. Rdg1 b5 20. Bb3 Nxg5 21. hxg5 Bg7
22. g3 f6 23. gxf6 Bxf6 24. Re1 Qg7 25. a5 g5 26. Rh2 Kd8 27. Reh1 Be8 28. Nd1
Qe7 29. Nf2 Rg8 30. Nd3 Kc8 31. Nb4 h4 32. gxh4 gxh4 33. Kb1 Ng6 34. Nc6 Qf7
35. Qb4 Ne7 36. Bf2 Rh8 37. Nxe7+ Qxe7 38. c4 Rb8 39. c5 dxc5 40. Bxc5 Qd8 41.
Rd1 Bd7 42. d6 c6 43. Rc2 h3 44. Bg1 Kb7 45. Bb6 Qe8 46. Bc7 Ra8 47. Qc5 Rh7
48. Qb6+ Kc8 49. Bd5 h2 50. Rh1 Qg6 51. Bxc6 Bxc6 52. Qxc6 Qg1+ 53. Rc1 Qa7 54.
Bb6+ 1-0